| 000 | 01078nam a2200277 a 4500 | ||
|---|---|---|---|
| 001 | 000004536 | ||
| 005 | 20200929151444.0 | ||
| 008 | 090723s2002 cl 000 0 spa d | ||
| 040 |
_aDO-SdBNP _bspa _cBNPHU |
||
| 082 |
_a270.082 _bL847a, 2002 |
||
| 100 | 1 |
_aLondoño Lopez, Jenny _913242 |
|
| 245 | 1 | 0 |
_a¿Ángeles o demonios? : _blas mujeres y la iglesia en la Audiencia de Quito / _cJenny Londoño Lopez ; Jorge Núñez Sánchez editor. |
| 250 | _a3a. ed. | ||
| 260 |
_aQuito : _bCDS, _c2002. |
||
| 300 |
_a121 p. : _b16 cm. |
||
| 490 | 1 | _aTodo es historia | |
| 500 | _aIncluye referencias bibliográficas y notas al pie de las páginas | ||
| 590 | _aLa biblioteca posee un ejemplar ortografiado por el autor | ||
| 650 | 4 |
_aMujeres en el cristianismo _913248 |
|
| 650 | 4 |
_aMujeres en el cristianismo _zEcuador _913249 |
|
| 650 | 4 |
_aRoles sexuales _xAspectos religiosos _913250 |
|
| 651 | 4 |
_aEcuador _xVida Religiosa Y Costumbres _913251 |
|
| 700 | 1 | 2 |
_aNuñez Sánchez, Jorge, _eed. _913252 |
| 830 | 0 |
_aTodo es historia _913253 |
|
| 910 | _aValidado. Control de calidad MFF | ||
| 999 |
_c4345 _d4345 |
||